| 000 -ლიდერი |
| ფიქსირებული სიგრძის საკონტროლო ველი |
02096nam a22002657a 4500 |
| 003 - საკონტროლო ნომრის იდენტიფიკატორი |
| საკონტროლო ველი |
Ge_BSU |
| 005 - ბოლო ოპერაციის თარიღი და დრო |
| საკონტროლო ველი |
20251212142345.0 |
| 008 - ფიქსირებული სიგრძის მონაცემთა ელემენტები - ზოგადი ინფორმაცია |
| ფიქსირებული სიგრძის საკონტროლო ველი |
251212s2020 ge ||||| |||| 00| 0 geo d |
| 020 ## - წიგნის საერთაშორისო სტანდარტული ნომერი |
| International Standard Book Number |
9789941972003 |
| 041 ## - ენის კოდი |
| Language code of text/sound track or separate title |
geo |
| 080 ## - უნივერსალური ათობითი კლასიფიკაციის ინდექსი |
| Universal Decimal Classification number |
821.353.1.03=512.162 გ-47 |
| 245 ## - ცნობა სათაურის შესახებ |
| Title |
გზა სხივნათელი = Şəfəqlərlə işiqlanan yol : |
| Remainder of title |
თანამედროვე ქართულ-აზერბაიჯანული პოეზიის ანთოლოგია / |
| Statement of responsibility, etc |
პროექტის ავტორი მაყვალა გონაშვილი ; მთარგმნელები: ბაღათერ არაბული, ალლახვერდი ახმედოვი (თაქლალი), ელზა გასანოვა (კარაგაშოღლი) [და სხვა]; რედაქტორ-შემდგენლები: ბაღათერ არაბული, ალლახვერდ თაქლალი; მხატვარი ივანე კეზუა. |
| 264 ## - წარმოების, გამოცემის, დისტრიბუციის და სხვა ცნობები |
| გამოცემის, წარმოების, დისტრიბუციის... ადგილი |
თბილისი : |
| გამოცემის, წარმოების, დისტრიბუციის... სახელწოდება |
მერანი, |
| გამოცემის, წარმოების, დისტრიბუციის... თარიღი |
2020. |
| 300 ## - ფიზიკური აღწერა |
| Extent |
242 გვ. : |
| Other physical details |
ფოტ. ; |
| Dimensions |
20 სმ. |
| 653 ## - INDEX TERM--UNCONTROLLED |
| Uncontrolled term |
ქართული პოეზია |
| 653 ## - INDEX TERM--UNCONTROLLED |
| Uncontrolled term |
თარგმანები აზერბაიჯანულ ენაზე. |
| 653 ## - INDEX TERM--UNCONTROLLED |
| Uncontrolled term |
აზერბაიჯანული პოეზია |
| 653 ## - INDEX TERM--UNCONTROLLED |
| Uncontrolled term |
თარგმანები ქართულ ენაზე. |
| 700 ## - ADDED ENTRY--PERSONAL NAME |
| Personal name |
ხარანაული, ბესიკ |
| Relator term |
ავტორი |
| 9 (RLIN) |
7057 |
| 700 ## - ADDED ENTRY--PERSONAL NAME |
| Personal name |
ლანჩავა, თეიმურაზ |
| Relator term |
ავტორი |
| 9 (RLIN) |
16441 |
| 700 ## - ADDED ENTRY--PERSONAL NAME |
| Personal name |
თედორაძე, დავით |
| Relator term |
ავტორი |
| 9 (RLIN) |
2293 |
| 700 ## - ADDED ENTRY--PERSONAL NAME |
| Personal name |
ქუთათელაძე, ბადრი |
| Relator term |
ავტორი |
| 9 (RLIN) |
26479 |
| 700 ## - ADDED ENTRY--PERSONAL NAME |
| Personal name |
არაბული, ბაღათერ და სხვ. |
| Relator term |
ავტორი, რედაქტორი, შემდგენელი, მთარგმნელი |
| 9 (RLIN) |
26480 |
| 942 ## - ADDED ENTRY ELEMENTS (KOHA) |
| Source of classification or shelving scheme |
|
| Koha item type |
წიგნი |